| 000 | 00795nam a22002177a 4500 | ||
|---|---|---|---|
| 999 |
_c13515 _d13515 |
||
| 003 | AR-CdUCM | ||
| 008 | 190415b ||||| |||| 00| 0 spa d | ||
| 040 |
_aMUNICIPALIDAD PROVINCIAL DEL CUSCO _cBIBLIOTECA MUNICIPAL DEL CUSCO |
||
| 082 |
_aC /264.02 / _bG27 / 1958 |
||
| 100 |
_aGasparri, Pedro _931966 |
||
| 245 |
_aCatecismo de la doctrina católica : _bPara adultos, escrita en latín / |
||
| 260 |
_aCusco : _bGarsilaso, _c1958. |
||
| 300 |
_a232 páginas ; _c16 cm. |
||
| 505 | _aContenido : La señal de la cruz -- Oración dominical -- La salutación angélica -- El símbolo de los apóstoles ... | ||
| 650 |
_aCatecismo _924778 |
||
| 650 |
_aReligión _91195 |
||
| 650 |
_aCusco _9772 |
||
| 700 |
_aVargas Bueno, Isaias _931967 |
||
| 942 |
_2ddc _cLIBROS |
||
| 945 |
_arah _d15/04/2019 |
||